Constructed wetlands for water quality improvement

This volume consists of 68 presentations at the Pensacola conference. Topics discussed included theory, application, engineering, and processes.

Spremljeno u:
Bibliografski detalji
Format: Knjiga
Jezik:Undetermined
Izdano: Florida Lewis 1993
Teme:
Oznake: Dodaj oznaku
Bez oznaka, Budi prvi tko označuje ovaj zapis!
Thư viện lưu trữ: Trung tâm Học liệu Trường Đại học Cần Thơ
LEADER 00688nam a2200193Ia 4500
001 CTU_15300
008 210402s9999 xx 000 0 und d
020 |b MHO5 
082 |a 628.35 
082 |b C758 
245 0 |a Constructed wetlands for water quality improvement 
260 |a Florida 
260 |b Lewis 
260 |c 1993 
520 |a This volume consists of 68 presentations at the Pensacola conference. Topics discussed included theory, application, engineering, and processes. 
650 |a Constructed wetlands,Water quality management 
650 |x Congresses,Congresses 
904 |i Nguyễn Quang Điền 
980 |a Trung tâm Học liệu Trường Đại học Cần Thơ